| 000 | 00488nam a2200205Ia 4500 | ||
|---|---|---|---|
| 003 | OSt | ||
| 005 | 20140426082114.0 | ||
| 008 | 140130s9999 xx 000 0 und d | ||
| 020 | _a059027502X | ||
| 050 |
_aPZ 7 _b.Eh3225Pl 1988 |
||
| 100 | _aEhlert, Lois | ||
| 245 |
_cEhlert, Lois _aPlanting a rainbow / |
||
| 260 |
_bScholastic, _c1988. _aNew York : |
||
| 300 |
_a30 _bcol. ill. ; _c23 cm. |
||
| 440 | _v1 | ||
| 521 | _aG1 | ||
| 526 | _c170 | ||
| 942 |
_cBK _2lcc |
||
| 999 |
_c39914 _d39914 |
||